| 000 | 01006 a2200301 4500 | ||
|---|---|---|---|
| 001 | 200128907 | ||
| 999 |
_c200128907 _d1189 |
||
| 003 | TR-AnTOB | ||
| 005 | 20200430133019.0 | ||
| 008 | 140701s1984 tu 000 0 | ||
| 040 | _aTR-AnTOB | ||
| 041 |
_atur _heng |
||
| 050 | 0 | 0 |
_aTA168 _b.S54 1984 |
| 090 | _aTA168 .S54 1984 | ||
| 100 | 1 |
_aShearer, Jesse Lowen, _d1921- _987753 |
|
| 245 | 1 | 0 |
_aSistem dinamiğine giriş / _cJ. Lowen Shearer, Arthur T. Murphy, Herbert H. Richardson ; çev. Atalay Barkan, Ömer Rıza Akgün. |
| 264 | 1 |
_aİstanbul : _bBilim Teknik Yayınevi, _c1984. |
|
| 300 |
_a241 p : _bşekl.; _c24 cm. |
||
| 504 | _aIncludes bibliographical references | ||
| 590 | _aProf. Dr. Yücel Ercan tarafından, bağışlanmıştır. | ||
| 650 | 0 |
_aSistem mühendisliği _91497 |
|
| 650 | 0 |
_aSystems engineering _9779 |
|
| 700 | 1 |
_aMurphy, Arthur T. _987754 |
|
| 700 | 1 |
_aRichardson, Herbert H. _987755 |
|
| 700 | 1 |
_aBarkan, Atalay _987756 |
|
| 700 | 1 |
_aAkgün, Ömer Rıza _987757 |
|
| 942 | _cBK | ||